[Event "EU-ch Amateur Online 1700/2000"]
[Site "Tornelo INT"]
[Date "2021.04.24"]
[Round "1"]
[White "Merkouropoulos, Dionysios"]
[Black "Fahlberg, Kenneth"]
[Result "1/2-1/2"]
[WhiteElo "1405"]
[BlackElo "1840"]
[PlyCount "102"]
[EventDate "2021.04.24"]
[EventType "swiss (rapid)"]
[EventRounds "8"]
[EventCountry "NET"]
[SourceTitle "EXT 2023"]
[Source "ChessBase"]
[SourceDate "2022.10.05"]
[SourceVersion "1"]
[SourceVersionDate "2022.10.05"]
[SourceQuality "1"]

1. d4 d5 2. c4 e6 3. Nc3 c5 4. e3 Nf6 5. Nf3 Nc6 6. Bd3 Bd6 7. 0-0 0-0 8. cxd5 exd5 9. dxc5 Bxc5 10. Ne2 Bg4 11. Nf4 d4 12. h3 Bxf3 13. Qxf3 Ne5 14. Qg3 dxe3 15. Bxe3 Nxd3 16. Nxd3 Qxd3 17. Bxc5 Qxg3 18. fxg3 Rfe8 19. Rae1 b6 20. Bd4 Rxe1 21. Rxe1 Re8 22. Kf1 Rxe1+ 23. Kxe1 Ne4 24. g4 f6 25. Ke2 Kf7 26. Ke3 Nd6 27. Kd3 Ke6 28. a4 Kd5 29. a5 bxa5 30. Bxa7 a4 31. Bb8 Nc4 32. Kc3 Ne3 33. g3 Nd1+ 34. Kc2 Nf2 35. Kc3 Nxh3 36. Kb4 Nf2 37. Kxa4 Nxg4 38. Ka5 Ne3 39. b4 Kc6 40. Ka6 Nc4 41. b5+ Kd5 42. b6 Nxb6 43. Kxb6 Ke4 44. Kc5 g5 45. Kc4 f5 46. Kc3 h5 47. Kd2 Kf3 48. Ke1 f4 49. gxf4 gxf4 50. Bxf4 Kxf4 51. Kf2 h4 1/2-1/2

[Event "Sundsvall op"]
[Site "Sundsvall"]
[Date "2020.01.06"]
[Round "7"]
[White "Fahlberg, Kenneth"]
[Black "Attefall, Fredrik"]
[Result "1/2-1/2"]
[WhiteElo "1792"]
[BlackElo "2012"]
[PlyCount "80"]
[EventDate "2020.01.04"]
[EventType "swiss"]
[EventRounds "8"]
[EventCountry "SWE"]
[SourceTitle "EXT 2021"]
[Source "ChessBase"]
[SourceDate "2020.10.23"]
[SourceVersion "1"]
[SourceVersionDate "2020.10.23"]
[SourceQuality "1"]

1. d4 d5 2. Nf3 Nf6 3. c4 c6 4. Nc3 dxc4 5. a4 Na6 6. e3 Nb4 7. Bxc4 Bf5 8. Ne5 e6 9. Bd3 Nxd3+ 10. Nxd3 Be7 11. 0-0 0-0 12. Ne5 h6 13. h3 Nd7 14. f4 Nxe5 15. fxe5 c5 16. e4 cxd4 17. exf5 dxc3 18. Qxd8 Rfxd8 19. fxe6 fxe6 20. bxc3 Bc5+ 21. Kh1 Rd3 22. Be3 Rxc3 23. Bxc5 Rxc5 24. Rad1 Rac8 25. Rd7 R8c7 26. Rff7 Rxd7 27. Rxd7 Rxe5 28. Rxb7 Ra5 29. Rb4 Rf5 30. g4 Rd5 31. Kg2 a5 32. Rf4 Rd7 33. h4 Kh7 34. Re4 Rd6 35. Kf3 Kg6 36. Re5 Ra6 37. Kf4 Kf6 38. g5+ hxg5+ 39. hxg5+ Ke7 40. Rb5 Kf7 1/2-1/2

[Event "Sundsvall op"]
[Site "Sundsvall"]
[Date "2020.01.05"]
[Round "5"]
[White "Fahlberg, Kenneth"]
[Black "Flyckt, Jakob"]
[Result "1-0"]
[WhiteElo "1792"]
[BlackElo "1954"]
[PlyCount "51"]
[EventDate "2020.01.04"]
[EventType "swiss"]
[EventRounds "8"]
[EventCountry "SWE"]
[SourceTitle "EXT 2021"]
[Source "ChessBase"]
[SourceDate "2020.10.23"]
[SourceVersion "1"]
[SourceVersionDate "2020.10.23"]
[SourceQuality "1"]

1. d4 Nf6 2. c4 e6 3. Nf3 d5 4. g3 Be7 5. Bg2 0-0 6. 0-0 c5 7. Qc2 Qb6 8. Bg5 cxd4 9. Bxf6 Bxf6 10. cxd5 d3 11. Qxd3 Bxb2 12. Ng5 g6 13. Nc3 Bxa1 14. Rxa1 e5 15. d6 h6 16. Nge4 Nd7 17. Nd5 Qd8 18. Rc1 f5 19. Nc7 fxe4 20. Qd5+ Kh8 21. Nxa8 Qf6 22. Qxe4 Qxd6 23. Nc7 Nc5 24. Qe3 Qxc7 25. Qxh6+ Kg8 26. Bd5+ 1-0

[Event "Ostersund Jamt Cup"]
[Site "Ostersund"]
[Date "2019.12.26"]
[Round "4"]
[White "Fahlberg, Kenneth"]
[Black "Nylen, Anders1111"]
[Result "0-1"]
[WhiteElo "1789"]
[BlackElo "1641"]
[PlyCount "76"]
[EventDate "2019.12.26"]
[EventType "swiss"]
[EventRounds "7"]
[EventCountry "SWE"]
[SourceTitle "CBM 194 Extra"]
[Source "ChessBase"]
[SourceDate "2020.03.31"]
[SourceVersion "1"]
[SourceVersionDate "2020.03.31"]
[SourceQuality "1"]

1. Nf3 d6 2. d4 Nf6 3. c4 Nbd7 4. Nc3 e5 5. e4 Be7 6. Be2 c6 7. h3 Qc7 8. Be3 0-0 9. Qd2 a6 10. g4 b5 11. g5 b4 12. gxf6 bxc3 13. Qxc3 Nxf6 14. Qc2 Rb8 15. b3 Bb7 16. 0-0-0 a5 17. a4 c5 18. d5 Bc8 19. Nd2 Bd7 20. f4 Rb4 21. Rdg1 Rfb8 22. Bg4 Nxg4 23. hxg4 Qb6 24. Kd1 Bxa4 25. bxa4 Rb2 26. Qd3 Qb4 27. fxe5 Qxa4+ 28. Ke2 R8b3 29. Ra1 Qb4 30. exd6 Bxd6 31. Qxb3 Qxb3 32. Rxa5 Qxc4+ 33. Kf3 Qb4 34. Ra8+ Bf8 35. d6 Rxd2 36. Bxd2 Qxd2 37. Rd8 g6 38. Ra1 Qc3+ 0-1

[Event "Sundsvall op"]
[Site "Sundsvall"]
[Date "2019.01.04"]
[Round "1"]
[White "Lundin, Jan"]
[Black "Fahlberg, Kenneth"]
[Result "1/2-1/2"]
[WhiteElo "2301"]
[BlackElo "1774"]
[PlyCount "141"]
[EventDate "2019.01.04"]
[EventType "swiss"]
[EventRounds "8"]
[EventCountry "SWE"]
[SourceTitle "CBM 188 Extra"]
[Source "ChessBase"]
[SourceDate "2019.02.26"]
[SourceVersion "1"]
[SourceVersionDate "2019.02.26"]
[SourceQuality "1"]

1. e4 c5 2. c3 d5 3. exd5 Qxd5 4. d4 Nf6 5. Nf3 Bg4 6. Be2 e6 7. 0-0 Nc6 8. h3 Bh5 9. c4 Qd7 10. dxc5 Qxd1 11. Rxd1 Bxc5 12. Nc3 0-0 13. a3 a5 14. Bf4 e5 15. Bg5 e4 16. Ne1 Bxe2 17. Nxe2 Rfe8 18. Nc2 Rad8 19. Kf1 Ne5 20. b4 axb4 21. axb4 Be7 22. c5 h6 23. Bd2 Rd7 24. Bc3 Nd3 25. Ne3 Nd5 26. Nxd5 Rxd5 27. Rdb1 Red8 28. Ng3 f5 29. Ra7 R8d7 30. Nh5 g6 31. Ra8+ Kf7 32. Ng3 Bf6 33. Ne2 g5 34. Bxf6 Kxf6 35. Nc3 Rd4 36. Rf8+ Kg6 37. Rg8+ Kf7 38. Rh8 Kg7 39. Re8 Nxb4 40. g4 Rd3 41. Nxe4 fxe4 42. Rxb4 Rxh3 43. Rbxe4 Rf3 44. R8e7+ Rxe7 45. Rxe7+ Rf7 46. Re3 Rc7 47. Rc3 Rc6 48. Rb3 Rxc5 49. Rxb7+ Kg6 50. Rb6+ Kg7 51. Ke2 Rc4 52. f3 Rf4 53. Ke3 Kh7 54. Re6 Kg7 55. Re4 Rf7 56. Re6 Rf4 57. Ra6 Rf7 58. Ra5 Kg6 59. Ra3 Rf4 60. Ra6+ Kg7 61. Re6 Rf7 62. Re4 Kg6 63. Re8 Kg7 64. Re4 Kg6 65. Ke2 Kg7 66. Re3 Rf6 67. Kd3 Kg6 68. Kd4 h5 69. gxh5+ Kxh5 70. Ke5 Rf8 71. Kd4 1/2-1/2